000 01588nam a2200493 i 4500
001 5729
003 KOSZ 005
005 20220504093507.0
008 970513s1991 pl a |000 0 pol
015 _aUWD 1992/3113
020 _a838544100X
035 _a991001282189705066
035 _a(PL-WaBN)b10373962-48omnis_nlop
035 _ab10373962
035 _a(OCoLC)749359364
035 _azz2003904907
035 _a(PL)b0000001037396
035 _a(EXLNZ-48OMNIS_NETWORK)9910502036805606
040 _aWA N
_cWA N
_dKSZ 005/HR
046 _k1991
080 _a005.574
080 _a(07)
100 1 _aNęcki, Zbigniew
_d(1947- )
_eAutor
245 1 0 _aNegocjacje w biznesie /
_cZbigniew Nęcki.
260 _aKraków :
_bWydawnictwo Profesjonalnej Szkoły Biznesu,
_c1991.
300 _a216, [1] s. :
_brys. ;
_c24 cm.
336 _aTekst
_btxt
_2rdacontent
337 _aBez urządzenia pośredniczącego
_bn
_2rdamedia
338 _aWolumin
_bnc
_2rdacarrier
380 _aKsiążki
380 _aPublikacje fachowe
388 _a1901-2000
388 _a1989-2000
490 1 _aBiblioteka Menedżera
504 _aBibliogr. s. 213-216.
650 7 _aNegocjacje biznesowe
_2DBN
655 7 _aPodręcznik
_2DBN
658 _aZarządzanie i marketing
710 2 _aWydawnictwo Profesjonalnej Szkoły Biznesu (Kraków)
_4pbl
830 0 _aBiblioteka Menedżera
856 _uhttp://koha.tu.koszalin.pl/cgi-bin/koha/opac-detail.pl?biblionumber=5729
_yKatalog online BPK
942 _2UKD
_cKS
999 _c5729
_d5729